Choose the T20 Cricket Nations - Sudden Death - Statistics

General Stats
  • This quiz has been taken 70 times
  • The average score is 14 of 20
Answers on the Grid
Answers color-coded by a green-red scale on the quiz's grid according to % correct below.
India
Australia
Rwanda
New Zealand
Angola
Romania
Uganda
Solomon Islands
Marshall Islands
England
Sri Lanka
Qatar
Yemen
Scotland
Switzerland
Ireland
Uruguay
Netherlands
South Africa
Paraguay
Nepal
Pakistan
Turkmenistan
Afghanistan
Ecuador
Germany
Madagascar
Kenya
Russia
Zimbabwe
 
Answer Stats
Answer % Correct
Australia
100%
New Zealand
100%
England
98%
India
98%
South Africa
96%
Pakistan
93%
Sri Lanka
91%
Ireland
89%
Scotland
84%
Netherlands
82%
Zimbabwe
82%
Afghanistan
80%
Nepal
73%
Kenya
69%
Uganda
62%
Rwanda
38%
Germany
31%
Qatar
29%
Romania
20%
Switzerland
20%
No matching quizzes found
Score Distribution
Percent of People with Each Score
Percentile by Number Answered
Your Score History
You have not taken this quiz